| 000 | 00639nam a2200193Ia 4500 | ||
|---|---|---|---|
| 005 | 20260429112245.0 | ||
| 008 | 260429s9999||||xx |||||||||||||| ||und|| | ||
| 020 | _a8188459292 | ||
| 041 | _aHindi | ||
| 082 |
_a294.5922 _bMAA |
||
| 100 | _aमानेक, कार्संदास | ||
| 245 | 0 |
_aश्रीमद्भगवत कथा-रहस्य / _cकार्संदास मानेक |
|
| 250 | _a1st ed. | ||
| 260 |
_aदिल्ली : _bशुभदा प्रकाशन, _c2008. |
||
| 300 | _a214 p.; Hb | ||
| 650 | _aReligion | ||
| 700 | _a शुक्ल, प्रज्ञा | ||
| 942 | _cTB | ||
| 999 |
_c53165 _d53165 |
||